Hỏi-đáp giáo dục Việt Nam; T1

Bewaard in:
Bibliografische gegevens
Hoofdauteur: Lê Minh Quốc
Formaat: Boek
Taal:Undetermined
Gepubliceerd in: Tp. HCM Trẻ 2001
Onderwerpen:
Tags: Voeg label toe
Geen labels, Wees de eerste die dit record labelt!
Thư viện lưu trữ: Trung tâm Học liệu Trường Đại học Cần Thơ
LEADER 00552nam a2200169Ia 4500
001 CTU_44128
008 210402s9999 xx 000 0 und d
082 |a 371.26 
082 |b Qu451/T1 
100 |a Lê Minh Quốc 
245 0 |a Hỏi-đáp giáo dục Việt Nam; T1 
245 0 |c Lê Minh Quốc 
260 |a Tp. HCM 
260 |b Trẻ 
260 |c 2001 
650 |a education - evaluation,education - history - vietnam,education - vietnam,educational tests and measurements 
980 |a Trung tâm Học liệu Trường Đại học Cần Thơ